International law : Cases and materials
International Law: Cases and Materials surpasses the current international law casebooks by introducing Australian students not only to all the relevant international materials but also to the materials most relevant to Australian international lawyers. While international in scope, the text focuses...
Spremljeno u:
| Glavni autor: | |
|---|---|
| Format: | Knjiga |
| Jezik: | Undetermined |
| Izdano: |
South Melbourne, Vic.
Oxford University Press
2005
|
| Teme: | |
| Oznake: |
Dodaj oznaku
Bez oznaka, Budi prvi tko označuje ovaj zapis!
|
| Thư viện lưu trữ: | Trung tâm Học liệu Trường Đại học Cần Thơ |
|---|
| LEADER | 01150nam a2200217Ia 4500 | ||
|---|---|---|---|
| 001 | CTU_229611 | ||
| 008 | 210402s9999 xx 000 0 und d | ||
| 082 | |a 341.0994 | ||
| 082 | |b A634 | ||
| 100 | |a Anton, Donald K. | ||
| 245 | 0 | |a International law : | |
| 245 | 0 | |b Cases and materials | |
| 245 | 0 | |c Donald K. Anton, Penelope Mathew, & Wayne Morgan | |
| 260 | |a South Melbourne, Vic. | ||
| 260 | |b Oxford University Press | ||
| 260 | |c 2005 | ||
| 520 | |a International Law: Cases and Materials surpasses the current international law casebooks by introducing Australian students not only to all the relevant international materials but also to the materials most relevant to Australian international lawyers. While international in scope, the text focuses on Australia's place in the international community and presents Australian perspectives on international legal affairs. The book is written specifically for students taking a one-semester course in international law. | ||
| 650 | |a International law,Luật quốc tế | ||
| 650 | |z Australia,Úc | ||
| 904 | |i Bằng | ||
| 980 | |a Trung tâm Học liệu Trường Đại học Cần Thơ | ||